000 00542nam a2200181 i 4500
001 146406
003 ES-MaACL
007 t|
008 070907s1953 sp ||||1| spa d
080 _a914.641 M.(026)
080 _a946.41 M.(088)
100 1 _aTraverso Masiello, Antonio.
_9111251
245 1 0 _aVisiones de antaño
_b: (Madrid antiguo) /
_cA. Traverso Masiello.
260 _aMadrid :
_b[s.n.],
_c1953.
300 _a178 p. :
_bil. ;
_c17 cm.
651 4 _aMadrid-
_vGuías turísticas.
_98962
852 _aES-MaACL
_jC-6367
_bR.34901
999 _c146406
_d146406